=LDR 00000nam 2200000 4500 =001 INLIS000000000031894 =005 20130612133933 =008 ***********************************ind** =035 ##$$0010-061300000031894 =041 ##$$a ind =082 ##$$a 372.3 =090 ##$$a 372.3, Dha e =100 ##$$a Dharma,Lala Herawati =245 ##$$a Ensiklopedi Proyek Festifal Sain Dasar 4, Astronomi, Lala Herawati Dharma; Agus salim,Sudarsini =260 ##$$a 2008 $b Bandung =300 ##$$a 80 hlm, Ilus, 25 cm =650 ##$$a Pendidikan Dasar-Energi =700 ##$$a Salim,Agus =850 ##$$a NBPNMAT